| 000 | 00773nam a2200241 a 4500 | ||
|---|---|---|---|
| 001 | BRL_266 | ||
| 005 | 20190320210648.0 | ||
| 008 | 170713s1972----mx-#######---#000-0#spa-# | ||
| 041 | _aspa | ||
| 044 | _amx | ||
| 050 | 4 |
_aDS109.9 _b.D45 1972 |
|
| 100 | 1 |
_aDelpech, Francois _923404 |
|
| 245 | 1 | 0 |
_aJerusalén, ciudad de la paz universal _b[los cristianos y tierra santa] _cFrancois Delpech. |
| 260 |
_aMéxico _bComité de Amigos Pro-Paz en el Medio Oriente _c1972 |
||
| 300 |
_a62 p. _c21 cm. |
||
| 500 | _aTraducción de : Les Chrétiens et la Terre Sáinte | ||
| 500 | _aEstado físico : lomo por desprenderse | ||
| 500 | _aAu2304 | ||
| 651 | 4 |
_aJerusalén _xPolítica y gobierno _923405 |
|
| 651 | 4 |
_aJerusalén _xHistoria _923406 |
|
| 902 | _aGRL | ||
| 942 |
_2lcc _cB |
||
| 999 |
_c9079 _d9079 |
||